El derecho de información en las sociedades mercantiles capitalistas /
Saved in:
| Hovedforfatter: | |
|---|---|
| Format: | Electronisk eBog |
| Sprog: | spansk |
| Udgivet: |
Barcelona :
JMB Bosch Editor,
2019.
|
| Serier: | Colección mercantil.
|
| Fag: | |
| Online adgang: | Digitalia Hispánica |
| Tags: |
Tilføj Tag
Ingen Tags, Vær først til at tagge denne postø!
|
MARC
| LEADER | 00000nam a2200000Ii 4500 | ||
|---|---|---|---|
| 001 | DIGBOSCH0195 | ||
| 003 | NyNyDIG | ||
| 006 | m o d | ||
| 007 | cr ||||||||||| | ||
| 008 | 220706s2019 sp ob 000 0 spa d | ||
| 035 | |a (OCoLC)1142952361 | ||
| 040 | |a DGITA |b eng |e rda |e pn |c DGITA | ||
| 020 | |a 9788412115864 |q digital | ||
| 020 | |z 9788412115857 |q papel | ||
| 043 | |a e-sp--- | ||
| 050 | 1 | 4 | |a KKT2478 ebook |
| 082 | 0 | 4 | |a 343 |
| 100 | 1 | |a Morales Barceló, Judith, |e author. | |
| 245 | 1 | 3 | |a El derecho de información en las sociedades mercantiles capitalistas / |c Judith Morales Barceló. |
| 264 | 1 | |a Barcelona : |b JMB Bosch Editor, |c 2019. | |
| 300 | |a 1 online resource. | ||
| 336 | |a text |b txt |2 rdacontent | ||
| 336 | |a still image |2 rdacontent | ||
| 337 | |a computer |b c |2 rdamedia | ||
| 338 | |a online resource |b cr |2 rdacarrier | ||
| 347 | |a text file |2 rdaft | ||
| 347 | |b PDF | ||
| 490 | 1 | |a Colección mercantil | |
| 504 | |a Includes bibliographical references. | ||
| 588 | 0 | |a Online resource; title from PDF title page (Digitalia, viewed July 6, 2022) | |
| 650 | 0 | |a Freedom of information |z Spain. | |
| 650 | 0 | |a Corporation law |z Spain. | |
| 655 | 0 | |a Electronic books. | |
| 776 | 0 | 8 | |i Print version: |a Morales Barceló, Judith. |t Derecho de información en las sociedades mercantiles capitalistas. |d Barcelona : JMB Bosch Editor, 2019 |z 9788412115857 |
| 791 | 2 | |a Digitalia (Firm), |e distributor. | |
| 793 | 0 | |g Digitalia eBook Collection: |a Bosch Editor | |
| 830 | 0 | |a Colección mercantil. | |
| 856 | 4 | 0 | |3 Digitalia Hispánica |u https://digitalia.unach.elogim.com/a/62850/ |
| 910 | |a Premium collection: 2022 | ||